[Event "TCh-CRO Gp1B"]
[Site "Sibenik CRO"]
[Date "2010.09.11"]
[Round "8"]
[White "Mrdja,M"]
[Black "Bilobrk,F"]
[Result "1-0"]
[WhiteElo "2393"]
[BlackElo "2368"]
[EventDate "2010.09.04"]

1. b3 e5 2. Bb2 Nc6 3. e3 Nf6 4. c4 d5 5. cxd5 Nxd5 6. Bb5 Bd6 7. Nc3 Nxc3
8. Bxc6+ bxc6 9. dxc3 O-O 10. Qe2 a5 11. Nf3 Qe7 12. e4 Ba6 13. c4 Bb4+ 14.
Kf1 f6 15. g3 Bc8 16. Kg2 Bd6 17. Rhe1 a4 18. Nh4 g6 19. Qc2 c5 20. Rad1
Bb7 21. Kg1 Qe6 22. Bc3 axb3 23. axb3 Bc6 24. f3 f5 25. exf5 gxf5 26. Qd2
h6 27. f4 e4 28. Ng2 Qg6 29. Be5 Rab8 30. Bxd6 Rfd8 31. Qa5 cxd6 32. Ne3
Qf6 33. Re2 Rxb3 34. Qc7 Ba8 35. Nxf5 Rd3 36. Ne7+ Kf7 37. Nd5+ Kg6 38.
Nxf6 Rxd1+ 39. Kf2 1-0

[Event "TCh-CRO Gp1B"]
[Site "Sibenik CRO"]
[Date "2010.09.11"]
[Round "8"]
[White "Zelic,Ml"]
[Black "Jukic,Zd"]
[Result "0-1"]
[WhiteElo "2291"]
[BlackElo "2299"]
[EventDate "2010.09.04"]

1. e4 d5 2. exd5 Qxd5 3. d4 Nf6 4. Nf3 e6 5. Be2 a6 6. O-O Nc6 7. c4 Qd8 8.
Nc3 Bd6 9. Bg5 h6 10. Bh4 g5 11. Bg3 Bxg3 12. fxg3 g4 13. Nh4 Nxd4 14. Bxg4
Rg8 15. Bh5 Rg5 16. g4 Nxh5 17. gxh5 f5 18. Kh1 b6 19. Nf3 Nxf3 20. Qxf3
Rb8 21. Rad1 Qe7 22. Qc6+ Kf8 23. Nd5 exd5 24. Rfe1 Bb7 25. Rxe7 Bxc6 26.
Rxc7 Ba8 27. cxd5 Rd8 28. Rh7 Bxd5 29. Kg1 Rxg2+ 30. Kf1 Rg7 0-1

[Event "TCh-CRO Gp1B"]
[Site "Sibenik CRO"]
[Date "2010.09.11"]
[Round "8"]
[White "Rosandic,D"]
[Black "Bozanic,I"]
[Result "1/2-1/2"]
[WhiteElo "2265"]
[BlackElo "2249"]
[EventDate "2010.09.04"]

1. e4 c5 2. Nc3 Nc6 3. g3 g6 4. Bg2 Bg7 5. d3 e5 6. Be3 d6 7. f4 Nf6 8.
Nge2 Nh5 9. O-O exf4 10. Nxf4 Nxf4 11. Bxf4 O-O 12. Qd2 Nd4 13. Rae1 Be6
14. Kh1 Qd7 15. Nd5 Nc6 16. Bh6 Bxd5 17. exd5 Ne5 18. Bxg7 Kxg7 19. c3 Rae8
20. d4 cxd4 21. Qxd4 b6 22. b3 f5 23. c4 Qe7 24. a4 Qc7 25. Rc1 a5 26. Rce1
Qc5 27. Qc3 Kg8 28. h3 Re7 29. Re2 Ref7 30. Rfe1 Re8 31. Qd2 Qc7 32. Qd4
Rfe7 33. Qh4 Rf7 34. Qd4 Ree7 35. Qd2 Kg7 36. Qd4 Qc5 37. Qc3 f4 38. Rxe5
Rxe5 39. Rxe5 dxe5 40. Qxe5+ Rf6 41. gxf4 Kf7 42. Kh2 Qe7 43. Kg3 Rf5 44.
Qxe7+ Kxe7 45. Be4 Rf6 46. Kg4 h6 47. h4 Kd6 48. Bc2 Kc5 49. f5 gxf5+ 50.
Bxf5 Kd4 51. Kf4 Rd6 52. Be6 Rd8 53. Kf5 Rf8+ 54. Kg6 Ke5 55. Kxh6 Kf6 56.
Kh5 Rh8+ 57. Kg4 Rh7 58. Bf5 Rg7+ 59. Kf4 Rg1 60. Bg4 Rb1 61. d6 Rxb3 62.
d7 Ke7 63. h5 Rb4 64. h6 Rxc4+ 65. Kg5 Rc5+ 66. Kg6 Rc6+ 67. Kg7 Rc4 68.
Bf5 Rxa4 69. h7 Rh4 70. h8=Q Rxh8 71. Kxh8 a4 72. Kg7 b5 73. d8=Q+ Kxd8 74.
Kf6 b4 75. Ke5 b3 76. Kd4 1/2-1/2

[Event "TCh-CRO Gp1B"]
[Site "Sibenik CRO"]
[Date "2010.09.11"]
[Round "8"]
[White "Horvat,Sa"]
[Black "Zovko,Mari"]
[Result "0-1"]
[WhiteElo "2189"]
[BlackElo "2213"]
[EventDate "2010.09.04"]

1. e4 c6 2. d4 d5 3. f3 e6 4. Nc3 Bb4 5. Qd3 c5 6. a3 c4 7. Qd1 Ba5 8. Nge2
Nc6 9. Be3 Nge7 10. Qd2 a6 11. g3 b5 12. Bg2 Bb7 13. O-O O-O 14. e5 Bb6 15.
Kh1 Qd7 16. Nd1 Nf5 17. Bf2 f6 18. f4 fxe5 19. fxe5 Rf7 20. c3 Raf8 21. Nf4
Bd8 22. Ne3 Nxe3 23. Bxe3 Ne7 24. Bh3 Nf5 25. Kg2 Bg5 26. Bxf5 Rxf5 27. Nh3
Bd8 28. Rf4 Bc8 29. Raf1 h6 30. Qe2 Qe8 31. Qg4 a5 32. Bd2 Be7 33. Kh1 Kh7
34. Kg2 Bd7 35. Qd1 g5 36. Rxf5 exf5 37. Qe2 Qg6 38. Re1 f4 39. Bxf4 Bxh3+
40. Kxh3 gxf4 41. g4 f3 42. Qf2 Rf4 43. Qg3 Qg5 44. e6 h5 0-1

[Event "TCh-CRO Gp1B"]
[Site "Sibenik CRO"]
[Date "2010.09.12"]
[Round "9"]
[White "Ljubicic,F"]
[Black "Erdos,V"]
[Result "0-1"]
[WhiteElo "2380"]
[BlackElo "2576"]
[EventDate "2010.09.04"]

1. e4 e5 2. Nf3 Nc6 3. Bb5 a6 4. Ba4 Nf6 5. O-O Be7 6. Re1 b5 7. Bb3 d6 8.
c3 O-O 9. h3 Na5 10. Bc2 c5 11. d4 Nd7 12. Nbd2 cxd4 13. cxd4 Nc6 14. Bb3
Nb6 15. Nf1 Nxd4 16. Nxd4 exd4 17. Qxd4 Bf6 18. Qd3 Be6 19. Ne3 Rc8 20. Ng4
Bxg4 21. hxg4 Nc4 22. Re2 Rc5 23. a4 Qc8 24. axb5 Ne5 25. Qd1 Qxg4 26. Re1
Qh4 27. bxa6 Ng4 28. Qf3 Bd4 29. Be3 Bxe3 30. fxe3 Rh5 31. Qxg4 Qxg4 32.
Bd1 Rh1+ 33. Kxh1 Qh4+ 34. Kg1 Qxe1+ 35. Kh2 g6 0-1

[Event "TCh-CRO Gp1B"]
[Site "Sibenik CRO"]
[Date "2010.09.12"]
[Round "9"]
[White "Gonda,L"]
[Black "Sale,S"]
[Result "1-0"]
[WhiteElo "2550"]
[BlackElo "2400"]
[EventDate "2010.09.04"]

1. d4 Nf6 2. c4 g6 3. Nc3 Bg7 4. e4 d6 5. Nf3 O-O 6. Be2 e5 7. O-O Nc6 8.
Be3 Re8 9. dxe5 dxe5 10. Qxd8 Nxd8 11. Nd5 Ne6 12. Ng5 Nxd5 13. cxd5 Nd4
14. Bd3 h6 15. Nf3 Bd7 16. Nxd4 exd4 17. Bf4 c6 18. dxc6 Bxc6 19. f3 Rac8
20. Rac1 a6 21. Kf2 h5 22. Rfd1 Bb5 23. Ke2 f5 24. Rxc8 Bxd3+ 25. Kxd3
fxe4+ 26. fxe4 Rxc8 27. Rf1 Rc5 28. Rc1 Rxc1 29. Bxc1 Kf7 30. b3 Ke6 31.
Bb2 Be5 32. h3 b5 33. Bxd4 Bd6 34. Bb6 Be5 35. Ke3 Bh2 36. Bd8 Be5 37. Bg5
Bb2 38. Bh4 Be5 39. Be1 Bc7 40. Bc3 Bh2 41. Bg7 Bc7 42. Kf3 Kf7 43. Bh6 Ke6
44. Bf4 Bd8 45. Bb8 Bg5 46. Ba7 Bh6 47. Bd4 Bf8 48. Be3 Bd6 49. Bf4 Bc5 50.
Bc7 Bf8 51. g4 Bb4 52. gxh5 gxh5 53. Ke3 Be1 54. Bf4 Bc3 55. Bg5 Be5 56.
Bd8 Bc3 57. Bb6 Be5 58. Kd3 Bg3 59. Bd4 Bd6 60. Kc3 Be7 61. Bf2 Bd6 62. Be3
Ke5 63. Kd3 Ke6 64. Bf2 Be5 65. Bd4 Bd6 66. Kc3 Be7 67. Bf2 Ke5 68. Kd3 Bd8
69. Ba7 Be7 70. Bb8+ Ke6 71. Kd4 Bf8 72. e5 Bb4 73. Bd6 Bxd6 74. exd6 Kxd6
75. b4 h4 76. Ke4 Ke6 77. a3 Kd6 78. Kf4 Kd5 79. Kg4 Kc4 80. Kxh4 Kb3 81.
Kg5 Kxa3 82. h4 Kxb4 83. h5 Ka3 84. h6 b4 85. h7 1-0

[Event "TCh-CRO Gp1B"]
[Site "Sibenik CRO"]
[Date "2010.09.12"]
[Round "9"]
[White "Bilobrk,F"]
[Black "Biti,O"]
[Result "1/2-1/2"]
[WhiteElo "2368"]
[BlackElo "2370"]
[EventDate "2010.09.04"]

1. d4 Nf6 2. c4 g6 3. Nf3 Bg7 4. g3 O-O 5. Bg2 d6 6. O-O Nbd7 7. Nc3 e5 8.
e4 c6 9. h3 Re8 10. Re1 exd4 11. Nxd4 1/2-1/2

[Event "TCh-CRO Gp1B"]
[Site "Sibenik CRO"]
[Date "2010.09.12"]
[Round "9"]
[White "Srbis,J"]
[Black "Zelic,Ml"]
[Result "1/2-1/2"]
[WhiteElo "2277"]
[BlackElo "2291"]
[EventDate "2010.09.04"]

1. e4 e5 2. Nf3 Nc6 3. Bb5 f5 4. d3 fxe4 5. dxe4 Nf6 6. O-O Bc5 7. Nc3 d6
8. Na4 Bb6 9. Nxb6 axb6 10. Qd3 O-O 11. Bd2 Qe8 12. Rfe1 Kh8 13. a4 Nh5 14.
Qa3 1/2-1/2

[Event "TCh-CRO Gp1B"]
[Site "Sibenik CRO"]
[Date "2010.09.12"]
[Round "9"]
[White "Vujec,I"]
[Black "Sunara,T"]
[Result "1-0"]
[WhiteElo "2037"]
[BlackElo "1979"]
[EventDate "2010.09.04"]

1. d4 d5 2. c4 c6 3. Nf3 Nf6 4. Nc3 g6 5. cxd5 cxd5 6. Bf4 Bg7 7. e3 O-O 8.
Be2 a6 9. O-O Nc6 10. Rc1 Bf5 11. Qb3 Na5 12. Qb4 b5 13. Nxb5 axb5 14. Bc7
Qc8 15. Bxa5 Qb7 16. Bxb5 Rfb8 17. a4 Qa7 18. Bc7 Rb7 19. Be5 Bd3 20. Rfd1
Bxb5 21. axb5 Qb6 22. Rc5 e6 23. Rdc1 Nd7 24. Rc8+ Rxc8 25. Rxc8+ Bf8 26.
Bd6 Rc7 27. Bxc7 Qb7 28. Rxf8+ Nxf8 29. b6 1-0

[Event "TCh-CRO Gp1B"]
[Site "Sibenik CRO"]
[Date "2010.09.12"]
[Round "9"]
[White "Bender,I"]
[Black "Gradiser,D"]
[Result "1-0"]
[WhiteElo "2292"]
[BlackElo "1966"]
[EventDate "2010.09.04"]

1. e4 c5 2. Nf3 d6 3. d4 cxd4 4. Nxd4 Nf6 5. Nc3 a6 6. Be3 e5 7. Nb3 Be7 8.
f3 Nc6 9. Qd2 Be6 10. O-O-O b5 11. Kb1 b4 12. Nd5 Bxd5 13. exd5 Na5 14.
Qxb4 Nxb3 15. Qxb3 O-O 16. a3 Qd7 17. Bc4 Rfb8 18. Qd3 a5 19. Ka1 Qb7 20.
Rb1 Nd7 21. a4 Qb4 22. Bb5 Nc5 23. Qa3 Qh4 24. b3 e4 25. f4 1-0

[Event "TCh-CRO Gp1B"]
[Site "Sibenik CRO"]
[Date "2010.09.12"]
[Round "9"]
[White "Saric,Ib"]
[Black "Sedlak,N"]
[Result "1/2-1/2"]
[WhiteElo "2565"]
[BlackElo "2550"]
[EventDate "2010.09.04"]

1. d4 Nf6 2. c4 g6 3. Nc3 Bg7 4. e4 d6 5. Nf3 O-O 6. Be2 e5 7. O-O c6 8. d5
Na6 9. Bg5 h6 10. Bh4 g5 11. Bg3 Nh5 12. Nd2 Nf4 13. Re1 Nc5 14. Nb3 Nxb3
15. axb3 Nxe2+ 16. Qxe2 c5 17. h3 a5 18. f3 f5 19. Bf2 b6 20. exf5 Bxf5 21.
Ne4 Ra7 22. Be3 Raf7 23. Bd2 Bg6 24. Rf1 Bf6 1/2-1/2

[Event "TCh-CRO Gp1B"]
[Site "Sibenik CRO"]
[Date "2010.09.12"]
[Round "9"]
[White "Bogosavljevic,B"]
[Black "Berczes,D"]
[Result "1-0"]
[WhiteElo "2554"]
[BlackElo "2520"]
[EventDate "2010.09.04"]

1. Nf3 d5 2. g3 c6 3. Bg2 Bg4 4. c4 e6 5. O-O Nf6 6. Ne5 Bh5 7. d4 Nbd7 8.
cxd5 exd5 9. Nc3 Nxe5 10. dxe5 Nd7 11. f4 Bc5+ 12. Kh1 O-O 13. Qd2 f5 14.
Nxd5 cxd5 15. Qxd5+ Kh8 16. e6 Rc8 17. exd7 Rc7 18. Bf3 Qxd7 19. Qxd7 Bxf3+
20. Rxf3 Rxd7 21. Be3 Bxe3 22. Rxe3 Rd2 23. b3 Rc8 24. Kg2 Kg8 25. Kf3 Rcc2
26. a4 Kf7 27. h3 h5 28. Rg1 Rd6 29. g4 hxg4+ 30. hxg4 Rg6 31. Rd1 fxg4+
32. Kg3 Rc7 33. Rdd3 Re6 34. Kxg4 Rxe3 35. Rxe3 Kf6 36. Rd3 Rc2 37. Rd7
Rxe2 38. Rxb7 a5 39. Rb6+ Kf7 40. Kf3 Re1 41. Rb5 Rh1 42. Ke4 Rh3 43. f5
Kf6 44. Rb6+ Kf7 45. Ke5 Re3+ 46. Kd4 Rf3 47. Rb5 Kf6 48. Rxa5 Rxb3 49. Kc4
Rb1 50. Rd5 Rc1+ 51. Kb5 Rb1+ 52. Kc6 1-0

[Event "TCh-CRO Gp1B"]
[Site "Sibenik CRO"]
[Date "2010.09.12"]
[Round "9"]
[White "Susak,Z"]
[Black "Medak,B"]
[Result "0-1"]
[WhiteElo "2214"]
[BlackElo "2346"]
[EventDate "2010.09.04"]

1. e4 d6 2. d4 Nf6 3. Nc3 g6 4. Bg5 Bg7 5. Qd2 h6 6. Bh4 Nbd7 7. f3 c5 8.
Nge2 cxd4 9. Nxd4 a6 10. Be2 Qb6 11. Nb3 Qc7 12. Bf2 Ne5 13. O-O O-O 14. a4
Be6 15. a5 Rac8 16. Rfc1 Bc4 17. Na4 d5 18. Nb6 Rcd8 19. exd5 Nxd5 20. Bxc4
Nxc4 21. Nxd5 Qe5 22. Nxe7+ Qxe7 23. Qf4 Qe2 24. Rab1 g5 25. Qc7 Nxb2 26.
Qxb7 Rd1+ 27. Rxd1 Nxd1 28. Qb6 Re8 29. h3 Qxc2 30. Rc1 Qd3 31. Nc5 Qd2 32.
Nb3 Re1+ 33. Kh2 Be5+ 34. g3 Qe2 35. Qd8+ Kg7 36. Qd2 Qxd2 37. Nxd2 Re2 38.
Rxd1 Rxf2+ 39. Kg1 Bd4 40. Kh1 Be5 41. g4 Bf4 42. Ne4 Rxf3 43. Kg2 Ra3 44.
Rd5 Kf8 45. Nc5 Rg3+ 46. Kf2 Rxh3 47. Nxa6 Ra3 48. Nb4 Bc7 49. Nc6 Ra4 50.
Ke2 Rxg4 51. a6 Ra4 52. Rd7 Bb6 53. a7 Kg7 54. Rb7 Bc5 55. Rc7 Kf6 56. Nd8
Bxa7 57. Rxf7+ Kg6 58. Rc7 Re4+ 59. Kf3 Re3+ 60. Kg2 Bd4 61. Rc6+ Bf6 62.
Ne6 Kf5 63. Nc7 Re5 64. Rd6 g4 65. Kg3 h5 66. Rd3 Re2 0-1

[Event "TCh-CRO Gp1B"]
[Site "Sibenik CRO"]
[Date "2010.09.12"]
[Round "9"]
[White "Tomerlin,S"]
[Black "Ivic,Mat"]
[Result "0-1"]
[WhiteElo "2300"]
[BlackElo "2272"]
[EventDate "2010.09.04"]

1. d4 Nf6 2. Nc3 d5 3. Bg5 Bf5 4. e3 e6 5. Nf3 Nbd7 6. Ne5 h6 7. Bh4 Be7 8.
g4 Bh7 9. f3 Nxe5 10. dxe5 Nd7 11. Bg3 c6 12. Bd3 Qb6 13. Qd2 Bxd3 14. cxd3
d4 15. exd4 Qxd4 16. O-O-O Nxe5 17. Qe2 Nd7 18. f4 O-O-O 19. Kc2 Nf6 20. g5
Nd5 21. Nxd5 Rxd5 22. g6 Rb5 23. Kb1 Bf6 24. Rd2 Qd5 25. Re1 Bc3 26. gxf7
Bxd2 27. Qxd2 Qf5 28. Qe3 Rf8 29. Qxa7 Rxf7 30. Re4 Rd7 31. Qa8+ Kc7 32. a4
Ra5 33. Qg8 Rxd3 34. Qxe6 Qxe6 35. Rxe6 Rxa4 36. f5+ Kb6 37. Be5 Rg4 38.
Re7 Rg5 39. Bxg7 Rxf5 40. Bxh6 Rh3 41. Be3+ Ka6 42. Re8 Rxh2 43. Ra8+ Kb5
44. Ra3 Rh3 45. Kc2 c5 46. Rb3+ Kc6 47. Rc3 b5 48. b3 Re5 49. Kd2 b4 50.
Rd3 Rh2+ 51. Kc1 Rd5 52. Rxd5 Kxd5 53. Bg5 Kd4 54. Bf6+ Kd3 55. Kb1 c4 0-1

[Event "TCh-CRO Gp1B"]
[Site "Sibenik CRO"]
[Date "2010.09.12"]
[Round "9"]
[White "Curic,D"]
[Black "Sasvari,Z"]
[Result "1-0"]
[WhiteElo "2245"]
[BlackElo "2225"]
[EventDate "2010.09.04"]

1. b3 c5 2. Bb2 b6 3. f4 Bb7 4. e3 Nf6 5. Nf3 g6 6. Bd3 Bg7 7. O-O d6 8.
Qe1 Nc6 9. a3 Qd7 10. Nc3 O-O 11. Ne2 Rac8 12. Qh4 Na5 13. f5 c4 14. bxc4
e5 15. fxe6 fxe6 16. Bc3 Rc5 17. Rab1 Ba6 18. Rb4 e5 19. Ng5 Rc7 20. Ng3
Nc6 21. Nf5 Bc8 22. Nxd6 Qxd6 23. c5 Qe7 24. Bc4+ Kh8 25. cxb6 axb6 26.
Rxb6 h5 27. Bd3 Qe8 28. Qc4 Bd7 29. a4 Rc8 30. Qb3 Bh6 31. Ne4 Nxe4 32.
Rxf8+ Bxf8 33. Bxe4 Bg7 34. a5 Bf5 35. Bd5 Ne7 36. Bb7 Rd8 37. a6 Nc8 38.
Rc6 Na7 39. Rc7 Rd7 40. Rxd7 Qxd7 41. Qb6 Nc8 42. Bxc8 Qxc8 43. a7 Be4 44.
Qb8 Qg8 45. Bxe5 Ba8 46. c4 Bxe5 47. Qxe5+ Kh7 48. Qc7+ Kh6 49. h4 Qe8 50.
Qb8 1-0

[Event "TCh-CRO Gp1B"]
[Site "Sibenik CRO"]
[Date "2010.09.12"]
[Round "9"]
[White "Dulic,G"]
[Black "Krnic,I"]
[Result "1/2-1/2"]
[WhiteElo "2243"]
[BlackElo "2181"]
[EventDate "2010.09.04"]

1. e4 c5 2. Nf3 g6 3. d4 cxd4 4. Qxd4 Nf6 5. e5 Nc6 6. Qf4 Nd5 7. Qe4 Nc7
8. Bc4 Ne6 9. O-O Bg7 10. Nc3 O-O 11. Re1 d6 12. exd6 exd6 13. Be3 Ne5 14.
Nxe5 Bxe5 15. f4 Bg7 16. Rad1 Re8 17. Bb5 Rf8 18. Qd3 Qa5 19. Bc4 a6 20.
Qxd6 Re8 21. Rd5 Qc7 22. Bc5 Qxd6 23. Rxd6 Bf8 24. Rd5 Bxc5+ 25. Rxc5 Bd7
26. Bxe6 Bxe6 27. Rc7 b5 28. Ne4 Kg7 29. Ng5 Bxa2 30. Rxe8 Rxe8 31. b3 a5
32. Rxf7+ Kg8 33. Ra7 Re1+ 34. Kf2 Rc1 35. Rxa5 Rxc2+ 36. Kg3 b4 37. Ra4
Rc3+ 38. Kh4 Bxb3 39. Rxb4 Bd5 40. Rb8+ Kg7 41. Rb2 h6 42. Nh3 Kf6 43. Rd2
Be6 1/2-1/2

[Event "TCh-CRO Gp1B"]
[Site "Sibenik CRO"]
[Date "2010.09.12"]
[Round "9"]
[White "Rezan,S"]
[Black "Tratar,M"]
[Result "0-1"]
[WhiteElo "2428"]
[BlackElo "2475"]
[EventDate "2010.09.04"]

1. d4 Nf6 2. c4 e6 3. Nf3 Bb4+ 4. Nc3 Nc6 5. Qc2 d6 6. Bg5 h6 7. Bd2 O-O 8.
a3 Bxc3 9. Bxc3 Qe7 10. e3 a5 11. h3 e5 12. dxe5 dxe5 13. g4 Nd7 14. Rg1
Nc5 15. O-O-O b6 16. g5 h5 17. Nh4 e4 18. Be2 Ne5 19. Bxh5 Ncd3+ 20. Kb1
Nxc4 21. Bg4 Qc5 22. Rxd3 exd3 23. Qxd3 Nd6 24. g6 Bb7 25. gxf7+ Rxf7 26.
f3 Re8 27. Bd4 Qg5 28. Ng2 Nb5 29. h4 Qd5 30. h5 Nxd4 31. exd4 Rxf3 32.
Bxf3 Qxf3 33. Qc4+ Bd5 34. Qxc7 Qf2 35. Qc1 Bxg2 36. h6 Be4+ 37. Ka1 g6 38.
Rf1 Qxd4 39. Qc7 Bf5 40. Qc6 Rc8 41. Qg2 b5 42. Qe2 b4 43. Rxf5 gxf5 44.
Qe6+ Kh7 45. Qxf5+ Kxh6 46. Qh3+ Kg5 47. Qg3+ Kf6 48. Qf3+ Ke7 0-1

[Event "TCh-CRO Gp1B"]
[Site "Sibenik CRO"]
[Date "2010.09.12"]
[Round "9"]
[White "Dimitrijevic,Da"]
[Black "Rogulj,B"]
[Result "0-1"]
[WhiteElo "2262"]
[BlackElo "2412"]
[EventDate "2010.09.04"]

1. d4 Nf6 2. c4 g6 3. Nc3 d5 4. e3 Bg7 5. cxd5 Nxd5 6. Nxd5 Qxd5 7. Ne2 O-O
8. Nc3 Qd8 9. Be2 c5 10. d5 Nd7 11. e4 b6 12. O-O Bb7 13. Be3 f5 14. f3 f4
15. Bf2 Ne5 16. Qb3 Rc8 17. Rfd1 Kh8 18. Rac1 g5 19. Kh1 Rf6 20. Qa3 a5 21.
Na4 Rh6 22. Qb3 Rb8 23. d6 Rxd6 24. Rxd6 exd6 25. Qxb6 Qxb6 26. Nxb6 Bc6
27. Nc4 Nxc4 28. Bxc4 Rxb2 29. Be1 a4 30. Rd1 Bd4 31. Ba5 a3 32. Bc7 Ba4
33. Re1 Be5 34. Bd8 h6 35. h4 gxh4 36. Bxh4 Bb5 37. Bd5 c4 38. Rc1 Rxa2 39.
Bxc4 Bxc4 40. Rxc4 Re2 0-1

[Event "TCh-CRO Gp1B"]
[Site "Sibenik CRO"]
[Date "2010.09.12"]
[Round "9"]
[White "Mestrovic,Z"]
[Black "Franic,M"]
[Result "1-0"]
[WhiteElo "2379"]
[BlackElo "2382"]
[EventDate "2010.09.04"]

1. e4 b6 2. d4 Bb7 3. Nc3 e6 4. Bd3 g6 5. Nge2 Bg7 6. h4 Nc6 7. Bg5 Nge7 8.
Be3 Nb4 9. h5 Nxd3+ 10. cxd3 Nc6 11. Qd2 d6 12. Rc1 Qd7 13. Nb5 d5 14. Bf4
O-O 15. Bh6 a6 16. Bxg7 Kxg7 17. Qf4 Rfc8 18. Nbc3 Kg8 19. Rh3 Rf8 20. Kd2
Qd8 21. Rg3 Ne7 22. Rh1 dxe4 23. dxe4 Nc6 24. Qh6 Nxd4 25. Rd3 Qe7 26. Rxd4
c5 27. Rd3 b5 28. Rdh3 g5 29. Rg3 f6 30. e5 b4 31. Nb1 Rad8+ 32. Kc1 Rd5
33. f4 Kh8 34. Nd2 g4 35. Nc4 f5 36. Rd1 Rxd1+ 37. Kxd1 Bd5 38. b3 Bxc4 39.
bxc4 Rd8+ 40. Ke1 a5 41. Qg5 Qd7 42. h6 a4 43. Rd3 1-0

[Event "TCh-CRO Gp1B"]
[Site "Sibenik CRO"]
[Date "2010.09.12"]
[Round "9"]
[White "Doric,N"]
[Black "Paljusaj,E"]
[Result "0-1"]
[WhiteElo "2325"]
[BlackElo "2309"]
[EventDate "2010.09.04"]

1. e4 c5 2. Nf3 Nc6 3. d4 cxd4 4. Nxd4 e5 5. Nb5 d6 6. N1c3 a6 7. Na3 b5 8.
Nd5 Nf6 9. Bg5 Be7 10. Bxf6 Bxf6 11. c3 Ne7 12. Nxf6+ gxf6 13. Nc2 Bb7 14.
Bd3 d5 15. exd5 Qxd5 16. Ne3 Qe6 17. a4 e4 18. Be2 Rd8 19. Qc2 Qb6 20. axb5
axb5 21. Qb3 Bc6 22. c4 b4 23. Nc2 Rb8 24. Qe3 Qc7 25. Qc5 Qe5 26. Qxe5
fxe5 27. Ra5 f6 28. Ne3 Kf7 29. Bg4 Ra8 30. Rxa8 Rxa8 31. Kd2 Kg6 32. Be6
f5 33. Kc2 Ba4+ 34. b3 Bc6 35. Kb2 Kf6 36. Bd5 Bxd5 37. Nxd5+ Nxd5 38. cxd5
Ke7 39. g4 fxg4 40. Re1 Kd6 41. Rxe4 h5 42. Rxb4 Rf8 43. h3 Rxf2+ 44. Ka3
g3 45. Rb6+ Kxd5 46. Rh6 g2 47. Rg6 e4 48. Kb4 e3 49. Kc3 e2 50. Kd2 e1=Q+
51. Kxe1 Rf1+ 0-1

[Event "TCh-CRO Gp1B"]
[Site "Sibenik CRO"]
[Date "2010.09.12"]
[Round "9"]
[White "Biliskov,V"]
[Black "Ciganovic,N"]
[Result "1/2-1/2"]
[WhiteElo "2296"]
[BlackElo "2270"]
[EventDate "2010.09.04"]

1. d4 Nf6 2. c4 g6 3. Nc3 Bg7 4. e4 d6 5. h3 O-O 6. Bg5 Na6 7. Nf3 Qe8 8.
g4 e5 9. d5 Nd7 10. Nd2 f5 11. gxf5 gxf5 12. Rg1 Kh8 13. a3 Ndc5 14. b4
Nxe4 15. Ndxe4 fxe4 16. Qd2 Bf5 17. O-O-O Nb8 18. Bg2 a5 19. Nb5 axb4 20.
Nxc7 Qa4 21. Qxb4 Qxa3+ 22. Qxa3 Rxa3 23. Nb5 Ra2 24. Be3 Na6 25. Nc3 Ra5
26. Bb6 Rc5 27. Bxc5 Nxc5 28. Rgf1 Bg6 29. Kb2 Nd3+ 30. Kb3 Nxf2 31. Rxf2
Rxf2 32. Bxe4 Rf4 33. Bxg6 hxg6 34. Nb5 Rf3+ 35. Kb4 Bf8 36. Ka5 Rxh3 37.
Kb6 Rh7 38. Nc7 Rh4 39. Ne6 Kg8 40. c5 dxc5 41. Nxf8 Kxf8 42. d6 Rh8 43.
Kc7 b5 44. Rd5 Kf7 45. Rxe5 b4 46. d7 c4 47. Re4 b3 48. Rxc4 Ke6 49. Rb4
Rh7 50. Rb6+ Kf5 51. Rxb3 g5 52. Kc8 Rh8+ 53. d8=Q Rxd8+ 54. Kxd8 g4 55.
Ke7 Kf4 56. Kd6 g3 57. Kd5 g2 58. Rb1 Ke3 1/2-1/2